[Event "Magnus Carlsen vs Challengers"]
[Site "Chess24"]
[Date "2021.04.18"]
[Round "1.10"]
[White "Sokolovsky, Yahli"]
[Black "Carlsen, Magnus"]
[Result "0-1"]
[WhiteElo "2442"]
[BlackElo "2847"]
[Annotator "TA"]
[PlyCount "58"]
[EventDate "2021.04.19"]
[EventCountry "NET"]
[SourceTitle "playchess.com"]
[Source "ChessBase"]
[SourceQuality "1"]

{[%evp 14,58,51,57,54,25,56,54,63,30,54,0,52,12,61,65,65,36,39,-47,-45,-130,-123,-178,-39,-102,-106,-187,-168,-161,-72,-154,-93,-441,-436,-1409,-1400,-1254,-1224,-2761,-2687,-29988,-29989,-29989,-29990,-29992,-29993]} 1. e4 c5 2. Nf3 e6 3. d4 cxd4 4. Nxd4 a6 5. c4 Nf6 6. Nc3 Qc7 7. Be2 b6 8. Be3 Bb7 {B41: Sicilian: Kan Variation: 5 c4.} 9. Qd3 d6 10. f3 Nbd7 {White is slightly better.} 11. b3 Be7 {[#]} 12. g4 $146 ({White should play} 12. Qd2 $14) ({Predecessor:} 12. Rc1 O-O 13. O-O Rac8 14. Rfd1 Qb8 15. Nc2 Rfe8 16. Bf4 Ne5 17. Qd2 Bd8 18. Bg5 {0-1 (34) Nguyen,T (2131)-Kunte,A (2499) Canberra 2018}) 12... O-O (12... d5 $11 13. exd5 exd5) 13. g5 Ne5 14. Qd2 Nfd7 15. f4 Nc6 16. O-O-O (16. O-O $14) 16... b5 $15 17. cxb5 (17. Rhf1 $15) 17... Nxd4 $17 18. Bxd4 {[#]} (18. Qxd4 $17 axb5 19. Bxb5) 18... Bxe4 (18... axb5 $1 $19 19. Kb2 b4) 19. Rhg1 ({Better is} 19. Rhe1 $15) 19... axb5 {aiming for ...b4.} 20. Bxb5 (20. Kb2 $17 {is a better defense.} Bg6 21. Nxb5) 20... d5 {Threatens to win with ...Ba3+.} 21. Kb2 Ba3+ 22. Ka1 {[#]} Bb4 (22... Nc5 $142 $1 23. Na4 Rfc8 24. Nxc5 Bxc5 25. Bxc5 Qxc5) 23. Bd3 $2 {[%mdl 8192] Now White is beyond hope.} (23. Bxd7 $17 {is a better chance.} Qxd7 24. Qe3) 23... Nc5 $19 24. Bc2 (24. Bxc5 $142 Qxc5 25. Rc1) 24... Qa5 {( -> ...Bxc3+)} 25. a4 Rfb8 {Hoping for ...Nxa4!} 26. Rb1 Bxc2 27. Qxc2 Bxc3+ {Black mates.} 28. Bxc3 {[#]} Nxb3+ $1 {[%mdl 512]} 29. Kb2 (29. Rxb3 Qxa4+) 29... Qxa4 {[%csl Ga8][%cal Ra4a3] Weighted Error Value: White=0.98/Black=0.21} 0-1

[Event "Magnus Carlsen vs Challengers"]
[Site "Chess24"]
[Date "2021.04.18"]
[Round "1.11"]
[White "Carlsen, Magnus"]
[Black "Shuvalova, Polina"]
[Result "1-0"]
[WhiteElo "2847"]
[BlackElo "2476"]
[Annotator "TA"]
[PlyCount "59"]
[EventDate "2021.04.19"]
[EventCountry "NET"]
[SourceTitle "playchess.com"]
[Source "ChessBase"]
[SourceQuality "1"]

{[%evp 10,58,16,-22,12,13,29,22,15,0,36,41,39,43,47,0,0,0,0,0,0,0,0,0,0,0,0,-97,0,-60,-79,-91,-147,-185,-189,-160,0,0,29988,29989,29989,29990,29991,29992,29992,29993,29993,29993,29998,29999,29999]} 1. c4 e6 2. g3 d5 3. Bg2 Nf6 4. Nf3 Be7 5. O-O O-O 6. Qc2 b6 {Recently 6...d4 got a lot of attention. A14: English Opening: 1...e6 with b3 by White.} 7. cxd5 Nxd5 8. Nc3 Bb7 {The position is equal.} 9. Nxd5 Bxd5 (9... exd5 {is more complex.} 10. d4 c5 11. Bf4 Nd7 12. Rac1 Re8) 10. e4 Bb7 11. d4 c5 12. d5 exd5 13. exd5 Qxd5 14. Nh4 $1 Qd7 {And now ...Bxh4 would win.} 15. Rd1 Qc8 16. Nf5 Re8 17. Bxb7 Qxb7 {[#]} 18. Bh6 $146 {[#]} ({Predecessor:} 18. Qa4 Nc6 19. Qg4 Bf6 20. Nh6+ Kh8 21. Rd7 Re1+ 22. Kg2 Qa6 23. Nxf7+ Kg8 24. Nh6+ Kh8 25. Nf7+ {½-½ (25) Inkiov,V (2510)-Schneider,L (2405) Gausdal 1990}) 18... gxh6 (18... Bf8 $1 $17 19. Bd2 g6) 19. Nxh6+ (19. Qe2 $11 Kh8 20. Rd6 {[%mdl 64] Back Rank}) 19... Kh8 $1 $15 {White must now prevent ...Bf8.} 20. Nxf7+ {[#]} Kg7 $1 21. Nd6 Bxd6 22. Rxd6 Na6 $2 (22... Nd7 $17 {Strongly threatening ...Ne5.} 23. Qc3+ Kf8) 23. Rad1 Re7 {[%mdl 8192]} (23... Kh8 $11) 24. Qc3+ {White mates.} Kg8 25. Qc4+ Kg7 26. Qg4+ Kf7 27. Qf5+ Kg8 28. Qg5+ Kf7 29. Rf6+ Ke8 30. Qg8# {Weighted Error Value: White=0.16/Black=0.43} 1-0

[Event "Magnus Carlsen vs Challengers"]
[Site "Chess24"]
[Date "2021.04.18"]
[Round "1.12"]
[White "Carlsen, Magnus"]
[Black "Bjerre, Jonas Buhl"]
[Result "1-0"]
[WhiteElo "2847"]
[BlackElo "2550"]
[Annotator "TA"]
[PlyCount "129"]
[EventDate "2021.04.19"]
[EventCountry "NET"]
[SourceTitle "playchess.com"]
[Source "ChessBase"]
[SourceQuality "1"]

{[%evp 19,129,0,0,0,0,0,0,0,0,-35,0,0,0,-40,-17,-22,-38,-31,-28,-45,-2,-45,0,-19,-20,-20,-2,-10,9,9,16,20,44,49,34,50,47,46,46,39,142,37,37,30,43,22,15,8,18,4,5,5,49,12,12,12,20,20,35,0,0,0,0,0,402,388,357,402,388,365,413,435,1516,1539,1497,869,1596,2086,1404,1275,2691,2607,2243,2037,1441,1330,29976,29977,29979,29981,29983,29984,29984,29985,29985,29986,29986,29987,29987,29988,29989,29990,29990,29989,29991,29990,29990,29991,29991,29992,29992,29993]} 1. Nf3 c5 2. e4 d6 3. d4 cxd4 4. Nxd4 Nf6 5. Nc3 a6 6. Be2 e5 7. Nb3 Be7 8. Bg5 O-O 9. Bxf6 Bxf6 10. Qd3 $1 {10.Qd3 scores better than 10.Nd5.} Be6 11. O-O-O {B92: Sicilian Najdorf: 6 Be2.} Be7 12. Nd5 Bxd5 13. Qxd5 {The position is equal.} Qc7 14. Qc4 $5 {[%mdl 4] A promising side line.} Qb6 15. Rhf1 Nd7 {[#]} 16. Nd2 $146 ({Predecessor:} 16. Kb1 Nf6 17. g4 Ne8 18. f4 exf4 19. Rxf4 Bf6 20. Rdf1 Qc7 21. Qd3 Be5 22. R4f2 {1-0 (38) Bernadskiy,V (2570)-Idani,P (2572) Teheran 2017}) 16... Rfc8 17. Qb3 Qc7 18. Kb1 b5 19. Bg4 Nc5 20. Qd5 (20. Qc3 $5 {[%cal Rg4c8]}) 20... Rcb8 21. f4 {fxe5 is the strong threat.} Bf6 22. fxe5 Bxe5 23. Nf3 Bf6 24. Nd4 {[#] Strongly threatening Rxf6!} Bxd4 25. Rxd4 Rf8 26. Qxd6 Qxd6 27. Rxd6 Nxe4 28. Rd4 Rae8 29. a4 Re5 (29... bxa4 $14 30. Rf4 Nf6) 30. Bf3 (30. axb5 $16 axb5 31. Rf5 Rxf5 32. Bxf5) 30... f5 31. Rfd1 g5 32. axb5 axb5 33. Rd5 Rfe8 34. Bxe4 fxe4 $11 {[%mdl 4096] Endgame KRR-KRR} 35. Kc1 Kg7 36. Rxe5 Rxe5 $14 {KR-KR} 37. Rd7+ Kg6 38. Kd2 b4 39. Rd4 e3+ $1 40. Ke2 Rc5 41. Kd3 Kf5 $2 {[%mdl 8192] Black is now going downhill.} (41... Re5 $11 42. Ke2 Rc5) 42. g4+ $18 Kg6 43. Rxb4 Re5 {aiming for ...e2.} 44. Ke2 h5 45. h3 ({Don't do} 45. Rb6+ Kh7 $18) 45... hxg4 (45... Re6 $142 46. Rc4 hxg4 47. hxg4 Kf6) 46. hxg4 Kf6 47. Rd4 Rb5 48. b4 {[%cal Bb2b4,Bb4b5][%mdl 32]} Ke5 49. Kxe3 Rb7 50. Re4+ Kd5 51. c4+ Kd6 52. b5 Ra7 53. Kd4 {White mates.} Ra1 54. c5+ Kc7 55. Re7+ Kd8 56. Rg7 Rd1+ 57. Ke5 Re1+ 58. Kd6 Rd1+ 59. Kc6 Kc8 60. Rg8+ Rd8 61. Rxd8+ {[%mdl 64] [#] Overworked Piece} Kxd8 62. Kb7 Ke7 63. c6 Ke6 64. c7 Ke5 65. c8=Q {Weighted Error Value: White=0.13/Black=0.48} 1-0

[Event "Magnus Carlsen vs Challengers"]
[Site "Chess24"]
[Date "2021.04.18"]
[Round "1.13"]
[White "Murzin, Volodar"]
[Black "Carlsen, Magnus"]
[Result "0-1"]
[WhiteElo "2478"]
[BlackElo "2847"]
[Annotator "TA"]
[PlyCount "66"]
[EventDate "2021.04.19"]
[EventCountry "NET"]
[SourceTitle "playchess.com"]
[Source "ChessBase"]
[SourceQuality "1"]

{[%evp 9,66,-31,-6,-27,0,-10,0,-46,-20,-39,-28,-25,12,0,10,-96,-98,-90,-95,-100,-103,-127,-122,-214,-202,-227,-222,-268,-206,-275,-258,-286,-275,-264,-274,-284,-275,-321,-290,-354,-343,-354,-302,-300,-319,-655,-681,-678,-672,-671,-674,-884,-840,-1062,-1064,-1050,-558,-1640,-543]} 1. d3 d5 2. Nf3 Nc6 3. g3 e5 4. Nbd2 Be6 5. Bg2 Qd7 6. Ng5 {A07: Réti Opening: New York and Capablanca Systems.} Bg4 7. h3 Bh5 8. c3 {[#] The position is equal.} f6 $146 ({Predecessor:} 8... O-O-O 9. Qa4 Kb8 10. g4 Bg6 11. c4 Be7 12. Nb3 h6 13. Bxd5 hxg5 14. Be3 Bb4+ 15. Kf1 Nf6 16. a3 Nxd5 17. Bxa7+ Nxa7 18. axb4 Qxa4 19. Rxa4 Nf4 {0-1 (19) Blaeser,R (1950)-Bjarnason,O (2212) Luxembourg 2014}) 9. Ngf3 Bf7 10. b4 Bd6 11. a4 Nge7 12. e4 (12. Bb2 $11 {remains equal.}) 12... d4 $17 {Black continues to play with concentration.} 13. cxd4 Nxb4 ({Much worse is} 13... Bxb4 $6 14. d5 $11) 14. O-O exd4 15. e5 fxe5 16. Ne4 (16. Nc4 $17 Bxc4 17. dxc4) 16... O-O $19 17. Ba3 {White wants to play Bxb4.} a5 18. Re1 Bd5 19. Qd2 Nec6 20. Nh2 Be7 21. Ng4 Rf5 22. h4 Raf8 23. Bh3 Qe8 24. Re2 Qg6 25. Nh2 Bxe4 26. dxe4 R5f7 {Hoping for ...d3.} 27. Kh1 $2 {[#]} (27. Bf5 Qd6 28. Rf1) 27... d3 {Black is clearly winning.} 28. Bf5 Qd6 ({Weaker is} 28... dxe2 29. Bxg6 hxg6 30. Qxe2 $15) 29. Re3 g6 30. Bh3 Rxf2 31. Qd1 Qd4 32. Ng4 Nc2 33. Bxe7 Nxe7 {Weighted Error Value: White=0.70/Black=0.24} (33... Nxe3 $142 34. Nxe3 Qxe3) 0-1

[Event "Magnus Carlsen vs Challengers"]
[Site "Chess24"]
[Date "2021.04.18"]
[Round "1.14"]
[White "Badelka, Olga"]
[Black "Carlsen, Magnus"]
[Result "0-1"]
[WhiteElo "2433"]
[BlackElo "2847"]
[Annotator "TA"]
[PlyCount "68"]
[EventDate "2021.04.19"]
[EventCountry "NET"]
[SourceTitle "playchess.com"]
[Source "ChessBase"]
[SourceQuality "1"]

{[%evp 9,68,-60,-50,-37,-34,-72,-57,-60,-54,-65,-66,-52,-37,-89,-62,-95,-20,-76,-65,-63,-49,-78,-72,-158,-132,-153,-115,-163,-141,-141,-149,-239,-168,-174,-175,-162,-168,-197,-197,-297,-295,-356,-270,-276,-270,-266,-266,-343,-306,-316,-305,-491,-487,-478,-445,-538,-525,-512,-513,-953,-665]} 1. e4 e5 2. Ke2 Ke7 3. Ke1 Ke8 {[#]} 4. Ke2 $146 ({Predecessor:} 4. d3 d6 5. a4 h5 6. a5 h4 {½-½ (10) Rodchenkov,S (2361)-Isajevsky,A (2351) Samara 2004}) 4... Nf6 5. Nc3 d5 6. exd5 {C42: Petroff Defence: 3 Nxe5 and unusual White 3rd moves.} Nxd5 7. d3 Nc6 {[#] Threatens to win with ...Nd4+.} 8. Ke1 {Black is slightly better.} Bc5 9. Nf3 f6 (9... h6 {seems wilder.} 10. Be2 f5 11. Kf1 Nf6 12. Na4 Bd6) 10. Be2 Be6 11. Nxd5 ({White should play} 11. Ne4 $15 Be7 12. c4) 11... Bxd5 (11... Qxd5 {feels hotter.} 12. Kf1 Kf7 13. h4 Rhd8 14. Bd2 Bb6) 12. Be3 Bb6 ({Black should try} 12... Qe7 $17) 13. Bxb6 (13. c4 $11 Bxf3 14. Bxf3) 13... axb6 $17 14. h4 Kd7 15. h5 Kc8 {Black continues to play with concentration.} 16. Qd2 (16. Kf1 $142) 16... Kb8 ({Much less strong is} 16... Rxa2 17. Rxa2 Bxa2 18. b3 $15) 17. h6 g6 18. a4 Re8 19. Kf1 f5 20. b4 (20. Rh3 $17 {was worth a try.}) 20... Bxf3 21. Bxf3 e4 22. Be2 Qf6 23. c3 {[#]} Nxb4 $1 {[%mdl 512]} 24. d4 (24. Rh3 $142) 24... Nd5 $19 25. Bc4 Qc6 26. Bxd5 Qxd5 27. Kg1 Ra5 28. g3 e3 29. fxe3 Qf3 30. Re1 $2 (30. Qf2 Qe4 31. Qe2) 30... Qxg3+ {Black is clearly winning.} 31. Kf1 Rxa4 ({Resist} 31... Qf3+ 32. Kg1 $19) 32. Rg1 Qh3+ 33. Qg2 Qxh6 34. Qg3 (34. Rh1 $142 Qg7 35. Rh2) 34... Ra2 {Weighted Error Value: White=0.51/Black=0.20} 0-1

[Event "Magnus Carlsen vs Challengers"]
[Site "Chess24"]
[Date "2021.04.18"]
[Round "1.15"]
[White "Carlsen, Magnus"]
[Black "Keymer, Vincent"]
[Result "1/2-1/2"]
[WhiteElo "2847"]
[BlackElo "2591"]
[Annotator "TA"]
[PlyCount "118"]
[EventDate "2021.04.19"]
[EventCountry "NET"]
[SourceTitle "playchess.com"]
[Source "ChessBase"]
[SourceQuality "1"]

{[%evp 13,118,-16,-24,-42,-8,0,41,-52,-43,-58,-50,-56,-47,-56,-49,-52,-27,-67,-37,-60,-68,-62,-76,-88,-89,-91,-85,-117,-104,-142,-142,-142,-130,-142,-143,-176,-141,-190,-191,-221,-232,-216,-185,-183,-180,-179,-170,-183,-173,-194,-175,-227,-160,-187,-200,-293,-249,-249,-249,-230,-149,-218,-149,-149,-149,-149,-149,-149,-149,-149,-149,-149,0,0,-2,-149,-149,-143,-145,-149,-149,-149,-149,-149,-149,-168,-126,-127,-47,-38,-22,-51,507,0,0,0,0,0,0,0,0,0,0,-10,8,-10,0]} 1. d4 Nf6 2. c4 e6 3. Nc3 Bb4 4. a3 Bxc3+ 5. bxc3 c5 6. f3 d6 {6...Nc6 gains popularity.} 7. e4 Nc6 8. Ne2 {[#] E24: Nimzo-Indian: Sämisch: Unusual Black 5th moves and 5...c5 sidelines.} h6 $146 ({Predecessor:} 8... e5 9. d5 Ne7 10. h4 h5 11. Ng3 Bd7 12. Bd2 Qc7 13. a4 O-O-O 14. a5 Rdf8 15. Bd3 Kb8 {½-½ (36) Yu,Y (2764)-Wojtaszek,R (2749) Shenzhen 2018}) 9. Ng3 e5 {[%cal Rc5d4]} 10. dxc5 (10. d5 $14 Ne7 11. Bd3) 10... dxc5 $15 11. Qxd8+ Kxd8 12. Be2 b6 13. Nf1 Ba6 14. Ne3 Na5 15. Kf2 Kc7 16. Nd5+ Kb7 17. Rd1 Rad8 $1 ({Inferior is} 17... Nxc4 18. Nxf6 gxf6 19. Rd7+ Kc6 20. Rxf7 $16) 18. Nxf6 {[#] Rxd8 is the strong threat.} Rxd1 19. Bxd1 {Black must now prevent Ng4.} gxf6 20. f4 Bxc4 21. fxe5 fxe5 22. Be3 Be6 23. Bh5 Nc4 24. Bc1 a5 25. a4 Kc7 26. h4 Nd6 27. Bf3 Bb3 28. g4 Bc2 29. Ke3 Nc4+ 30. Kf2 f6 31. h5 Nd6 32. Ke3 (32. Be3 $142) 32... Nf7 33. Ra2 Bb3 34. Rf2 (34. Ra3 $142 Be6 35. Ra1) 34... Ng5 ({Less strong is} 34... Bxa4 35. Be2 $15) 35. Be2 Rf8 ({Stronger than} 35... Bxa4 36. Rxf6 Bc2 37. Rg6 $11) 36. Bb5 Be6 37. Rg2 (37. Be2 $17) 37... Bc8 38. Rg1 Bb7 39. Bd3 Bc6 40. Bc2 Rf7 41. Rf1 Bd7 42. Rg1 Nh3 (42... Be6 $17 43. Bd2 Rd7) 43. Rg3 $1 $11 {[%cal Rg3h3]} Nf4 44. Rg1 (44. Kf3 $11 {keeps the balance.}) 44... Rg7 $17 45. Kf3 Nh3 46. Rg3 Ng5+ 47. Ke2 Be6 48. Ke3 Bc4 49. Rg1 b5 50. axb5 Bxb5 ({Black should play} 50... Nh3 $17 51. Re1 Rxg4) 51. Ba3 $15 Kc6 52. Rd1 Rd7 $2 {[%mdl 8192] [#]} (52... Nh7 $15 {stays ahead.} 53. Rg1 a4) 53. Rxd7 $2 ({Only move:} 53. c4 $1 $18 {[%cal Rc4b5]} Rxd1 54. cxb5+ Kxb5 55. Bxd1) 53... Kxd7 $11 {The position is equal.} 54. Bxc5 $18 {[%mdl 4096] Endgame KBB-KBN} Ne6 55. Ba3 a4 56. Kf3 Ng5+ 57. Ke3 Ne6 58. Bc1 Kc6 59. Ba3 {Strongly threatening c4!} Kd7 {Weighted Error Value: White=0.29/Black=0.33} 1/2-1/2

[Event "Magnus Carlsen vs Challengers"]
[Site "Chess24"]
[Date "2021.04.18"]
[Round "1.16"]
[White "Carlsen, Magnus"]
[Black "Yip, Carissa"]
[Result "1-0"]
[WhiteElo "2847"]
[BlackElo "2430"]
[Annotator "TA"]
[PlyCount "51"]
[EventDate "2021.04.19"]
[EventCountry "NET"]
[SourceTitle "playchess.com"]
[Source "ChessBase"]
[SourceQuality "1"]

{[%evp 16,51,30,26,38,56,37,19,46,29,52,51,52,33,51,50,52,27,37,39,52,22,18,20,73,69,137,138,210,202,502,491,578,611,767,768,734,741]} 1. e4 e5 2. Nf3 Nc6 3. Bb5 a6 4. Ba4 Nf6 5. d3 d6 6. c3 Be7 7. O-O b5 8. Bc2 O-O 9. Nbd2 {[%cal Bb1d2,Bd2f1,Bf1e3][%mdl 32]} Re8 {C77: Ruy Lopez: 3...a6 4 Ba4 Nf6, unusual lines.} 10. Re1 Bf8 11. Nf1 g6 {The position is equal.} 12. a4 $5 {[%mdl 4] An interesting side line.} Bb7 13. Bg5 h6 14. Bh4 Bg7 15. Ne3 Qd7 16. b4 {[#]} Ne7 $146 ({Predecessor:} 16... Nd8 17. Nd2 Ne6 18. Nb3 h5 19. Na5 Bc8 20. Bxf6 Bxf6 21. Bb3 Rb8 22. axb5 axb5 {½-½ (61) Fressinet,L (2711)-Amin,B (2628) Saint-Quentin 2014}) 17. Bb3 Nh5 18. Qc2 Nf4 19. Bg3 d5 (19... Nh5 $11 {remains equal.}) 20. h3 Rad8 (20... g5 $14) 21. Ng4 $16 Qd6 (21... Nc6 $16 {keeps fighting.}) 22. d4 {[%cal Rd4e5]} dxe4 $2 (22... g5 23. Ngxe5 (23. Nfxe5 h5 $16) (23. dxe5 Qg6 $16) 23... Neg6) 23. Nfxe5 $18 {White is clearly winning.} ({Weaker is} 23. Bxf7+ Kxf7 24. Nfxe5+ Kg8 $18) 23... Nfd5 {[#]} 24. Nxf7 $1 {[%mdl 576] Double Attack} Qd7 (24... Qc6 25. Nxd8) 25. Nxd8 Rxd8 26. axb5 {Weighted Error Value: White=0.06/Black=0.44} 1-0

[Event "Magnus Carlsen vs Challengers"]
[Site "Chess24"]
[Date "2021.04.18"]
[Round "1.17"]
[White "Mammadzada, Gunay"]
[Black "Carlsen, Magnus"]
[Result "0-1"]
[WhiteElo "2443"]
[BlackElo "2847"]
[Annotator "TA"]
[PlyCount "120"]
[EventDate "2021.04.19"]
[EventCountry "NET"]
[SourceTitle "playchess.com"]
[Source "ChessBase"]
[SourceQuality "1"]

{[%evp 9,119,34,57,40,46,30,39,30,24,29,22,0,0,2,5,3,100,0,0,0,0,1,33,0,0,0,0,0,17,-28,9,0,0,0,0,0,0,0,0,0,0,0,0,0,0,-19,18,-10,0,0,0,0,47,52,50,62,47,39,47,0,14,4,43,0,33,22,92,94,87,87,94,81,87,77,89,14,55,45,53,0,8,8,8,8,67,60,122,0,0,-23,-23,-141,14,-29998,-29999,-29999,-29994,-29994,-29986,-29987,-29987,-29990,-29991,-29996,-29993,-29994,-29995,-29995,-29996,-29997,-29998,-29999]} 1. e4 d5 2. exd5 Qxd5 3. Nc3 Qd6 4. d4 Nf6 5. Nf3 c6 6. h3 {B01: Scandinavian Defence.} Bf5 7. Bc4 Nbd7 8. O-O {White is slightly better.} e6 9. Qe2 Be7 10. Bg5 O-O 11. Rad1 {[#]} Rfe8 $146 ({Predecessor:} 11... h6 12. Bh4 Qc7 13. Ne5 Nxe5 14. dxe5 Nd5 15. Bxe7 Qxe7 16. Ne4 Bxe4 17. Qxe4 Rfd8 {0-1 (51) Yu,R (2511)-Barbosa,O (2550) Ho Chi Minh City 2012}) 12. Ne5 Rad8 (12... Nd5 $11 13. Ne4 Qc7) 13. Bf4 (13. g4 $16 Bg6 14. h4 (14. Nxg6 hxg6 15. Rfe1 Qc7 $11)) 13... Qb4 $11 14. Bb3 {Black should prevent g4.} Nxe5 15. Bxe5 h6 16. a3 Qa5 17. Rfe1 Rd7 18. Qf3 Bg6 19. Rd2 Qd8 20. Bc4 Bd6 {next ...Bxe5 is good for Black.} 21. Bd3 Bxd3 22. Rxd3 Bxe5 23. dxe5 Rxd3 24. cxd3 Nd5 25. Ne4 Qb6 26. Nd6 Rf8 27. Qe2 a5 28. g3 Nc7 29. Nc4 Qc5 30. Qe3 Qxe3 (30... Qd5 {looks sharper.} 31. Qe4 Qc5 32. Nd6 Qb6 33. Nc4 Qc5) 31. fxe3 {[%mdl 4096] Endgame KRN-KRN} Ra8 32. Nd6 b6 33. Rf1 Rf8 34. e4 c5 35. Rc1 Rd8 36. Kf2 f6 37. Ke3 fxe5 (37... Kf8 $11) 38. Nc4 $1 $16 {[%csl LRb6,LRe5][%mdl 64] [#] Double Attack} Rb8 39. Nxe5 Nb5 40. a4 Nd4 41. Rf1 Rb7 42. Nc4 (42. Rf2 $16) 42... Nc2+ 43. Kd2 Nd4 44. Ke3 (44. g4 $14) 44... b5 45. axb5 Rxb5 46. Rf2 a4 ({Black should play} 46... g5 $11) 47. Ne5 $1 $14 Rb3 (47... Rb7 $14) 48. Nc4 (48. Nd7 $16) 48... Nc6 $11 49. e5 Nb4 50. Ke4 (50. Rd2 $11) 50... Nxd3 $2 (50... Rxd3 $17 {And now ...Rd4+ would win.} 51. Nb6 Kh7) 51. Nd6 $2 {[%mdl 8192] [#] Now White is beyond hope.} Nxf2+ {Black mates.} 52. Kf4 Nxh3+ 53. Kg4 Rb4+ 54. Kxh3 Rxb2 {KR-KN} 55. g4 Rb3+ 56. Kh4 a3 57. g5 a2 58. gxh6 a1=Q 59. Kg5 Qxe5+ {[%mdl 64] Double Attack} 60. Kg6 Rg3# {Weighted Error Value: White=0.30/Black=0.19} 0-1

[Event "Magnus Carlsen vs Challengers"]
[Site "Chess24"]
[Date "2021.04.18"]
[Round "1.18"]
[White "Yoo, Christopher Woojin"]
[Black "Carlsen, Magnus"]
[Result "0-1"]
[WhiteElo "2455"]
[BlackElo "2847"]
[Annotator "TA"]
[PlyCount "148"]
[EventDate "2021.04.19"]
[EventCountry "NET"]
[SourceTitle "playchess.com"]
[Source "ChessBase"]
[SourceQuality "1"]

{[%evp 9,148,24,54,-3,-10,-10,-21,-37,23,22,32,0,0,-18,0,-33,-24,-59,-41,-46,-42,-150,-151,-209,-203,-275,-277,-285,-293,-291,-281,-284,-277,-287,-284,-280,-275,-351,-344,-375,-321,-318,-311,-313,-310,-310,-319,-309,-312,-315,-306,-298,-292,-298,-293,-323,-342,-331,-335,-358,-359,-435,-435,-436,-436,-527,-508,-497,-492,-913,-908,-1218,-1073,-5373,-6087,-2783,-2802,-29977,-29978,-29978,-29978,-29979,-29971,-29971,-29972,-29980,-29981,-29981,-29982,-29982,-29983,-29983,-29984,-29984,-29985,-29985,-29986,-29985,-29986,-29987,-29988,-29988,-29989,-29989,-29990,-29990,-29991,-29991,-29992,-29992,-29993,-29993,-29994,-29994,-29995,-29995,-29990,-29990,-29990,-29991,-29992,-29995,-29996,-29997,-29998,-29998,-29998,-29998,-29995,-29995,-29994,-29995,-29995,-29996,-29995,-29997,-29998,-29998,-29998,-29998,-29999]} 1. e4 c5 2. Nf3 d6 3. d4 cxd4 4. Nxd4 Nf6 5. Nc3 g6 6. Qe2 {B70: Sicilian Dragon: 6 g3 and 6 Be2 (without a later Be3).} (6. f3 $14) 6... Bg7 7. Bg5 Nc6 8. O-O-O {[#] The position is equal.} Qa5 $146 ({Black should play} 8... h6 $15 9. Be3 Ng4) ({Predecessor:} 8... Nxe4 9. Nxe4 Nxd4 10. Qd2 O-O 11. Bh6 e5 12. Bxg7 Kxg7 13. Bd3 f5 14. Ng5 h6 {0-1 (41) Pegado,S (1060)-Stuart,K (1085) IECG email 2005}) 9. Qb5 $11 Qxb5 10. Bxb5 (10. Ndxb5 {keeps more tension.} Kf8 11. f3 a6 12. Nc7 Rb8 13. N3d5) 10... Bd7 11. Bxc6 bxc6 12. Rhe1 h6 13. Bh4 g5 14. Bg3 Nh5 15. e5 {White is on the road to losing.} (15. Rd3 $15) 15... Nxg3 $17 16. exd6 (16. hxg3 $17 Bxe5 17. Nf3) 16... Bxd4 $19 17. Rxd4 Nf5 {[%mdl 64] [#] Double Attack} 18. Rd3 {intending g4.} Be6 19. dxe7 Kxe7 ({Resist} 19... Nxe7 20. Ne4 $19) 20. Ne4 Rhd8 ({And not} 20... Bxa2 21. b3 $11) 21. Rc3 Rac8 ({Weaker is} 21... Bxa2 22. b3 $17) 22. Nc5 Kf6 23. a4 Bd5 24. f3 Nh4 25. Re2 Re8 26. Rf2 Re1+ 27. Kd2 Rh1 28. g3 Nf5 29. Rd3 Re8 30. b3 Ra1 31. Kc3 Re3 32. Kb4 Rxd3 33. Nxd3 Nd4 34. f4 g4 35. Ne5 Kf5 36. Kc5 Nf3 37. Nxc6 Bxc6 38. Kxc6 {[%mdl 4096] Endgame KRN-KR} Rh1 39. Kd5 (39. c4 $142 Nxh2 40. b4) 39... Rxh2 40. Rxh2 Nxh2 {KN-KP} 41. c4 Nf1 42. c5 Nxg3 43. c6 Kf6 {Black mates.} 44. c7 Nf5 45. c8=N Ne7+ 46. Nxe7 Kxe7 {KP-KP} 47. Ke4 f5+ 48. Ke3 a5 49. Kf2 h5 50. Kg3 Kd6 51. Kh4 Kc5 52. Kg3 Kb4 53. Kh4 Kxb3 54. Kg3 Kxa4 55. Kh4 Kb4 56. Kxh5 g3 57. Kg5 g2 58. Kxf5 g1=Q 59. Ke6 a4 60. f5 a3 61. f6 a2 62. f7 a1=Q 63. f8=Q+ Qc5 64. Qf4+ Qad4 65. Qb8+ Kc4 66. Qe8 Qcd5+ 67. Ke7 Q4e5+ 68. Kf8 Qxe8+ 69. Kxe8 Qc6+ 70. Kf8 Kd5 71. Kg7 Qc7+ 72. Kg8 Ke6 73. Kh8 Qe7 74. Kg8 Kf6 {[%csl Gf6][%cal Re7g7] Weighted Error Value: White=0.52/Black=0.06} 0-1